000 00378pam a2200157a 44500
008 230515b2008 xxu||||| |||| 00| 0 eng d
020 _aNULL
041 _aENGLISH
082 _a620.001/GOK
100 _aGOKHALE NITIN S
245 _aPRACTICAL FINITE ELEMENT ANALYSIS
250 _a0
260 _aDELHI
_bFIVE STAR ENTERPRISES
_c2008
300 _aXV-409
650 _aNULL
999 _c655268
_d655268